000 00409 a2200157 4500
005 20260327124037.0
008 260316b |||||||| |||| 00| 0 eng d
020 _a9789364878784
080 _a791.632=M
_bMUR/L
100 _aMurali Gopy
245 _aLucifer(ലൂസിഫർ)
260 _bD C books.
_aKottayam.
_c2025.
300 _a175p.
653 _aScreen Play-Malayalam Literature
942 _cBK
999 _c115313
_d115312